Представление документа в формате RUSMARC

ПолеНазваниеЗначение
  Тип записи a
  Библиографический уровень a
001 Контрольный номер RU/CBS_Ul/BASE/486033035
005 Дата корректировки 20240209175105.0
100 Данные общей обработки __
a Данные общей обработки 20150527d2015 ||| 0rusy0189 ca
101 Язык документа 0_
a Язык текста rus
102 Страна публикации __
a Страна публикации RU
105 Кодированные данные (монография) __
a Кодированные данные (монография) y###||||000|y
200 Заглавие и сведения об ответственности 1_
a Заглавие Ивашка белая рубашка, горький пьяница
b Общее обозначение материала Текст
e Сведения, относящиеся к заглавию сказки
f Первые сведения об ответственности А. Новопольцев
300 Общие примечания __
a Общие примечания Содерж.: Ивашка белая рубашка, горький пьяница; Ума много, а денег нет; Фома богатый; Еловые шишки; Петух и бобок; Барин и мужик; Курочка татарушка
300 Общие примечания __
a Общие примечания Ограничения по возрасту - 12+
461 Уровень набора _0
1 2000
a Симбирскъ
463 Уровень физической единицы _0
1 001RU/CBS_Ul/BASE/486030739
1 2000
a № 3
v С. 4-13
1 210
d 2015
606 Тематические рубрики 0_
a Основная рубрика Сказки русские - Ульяновская область
608 Указатель предметных рубрик __
a Жанр/форма сказка
610 Ключевые слова 0_
a Ключевые слова русские сказки
610 Ключевые слова 0_
a Ключевые слова авторские сказки
610 Ключевые слова 0_
a Ключевые слова детская литература
686 Индексы других классификаций __
a Классификационный индекс 82.3(2Рос=Рус)
2 Код системы ББК
700 Автор _1
a Фамилия Новопольцев
b Имя (инициалы) А.
g Полное личное имя Абрам
801 Источник записи _0
a Страна RU
b Организация МБУК ЦБС г. Ульяновска
c Дата составления 20150527
g Правила каталогизации RCR
801 Источник записи _1
a Страна RU
b Организация МБУК ЦБС г. Ульяновска
c Дата составления 20150527
g Правила каталогизации RCR
900 Электронные ресурсы __
a Имя электронного ресурса Ивашка белая рубашка
901 Тип документа __
t Тип документа b
w Контрольный № источника RU/CBS_Ul/BASE/486030739
910 Корректоры записи __
a Корректор записи Нецеевский
938 Служебная информация __
a Имя БД kraeved